Estatísticas para Bandeiras da Ásia

Clique aqui para jogar o quiz

Estatísticas Gerais

  • Esse quiz foi jogado 48 vezes
  • A pontuação média é 14 de 15

Estatísticas das Respostas

Resposta% Correto
China
100%
Israel
100%
Japão
100%
Vietnã
100%
Coreia do Sul
98%
Índia
98%
Líbano
98%
Bangladesh
96%
Chipre
96%
Laos
96%
Nepal
96%
Butão
94%
Camboja
89%
Quirguistão
85%
Myanmar
81%

Distribuição das Pontuações

Percentil de Números Respondidos

Porcentagem de Pessoas com Cada Pontuação

Sua Pontuação Histórica

Você não jogou esse quiz